|
|
|
|
| LEADER |
01247cam a2200349 a 4500 |
| 001 |
c000224135 |
| 003 |
CARM |
| 005 |
20061002123216.0 |
| 008 |
791210s1980 enka b 001 0 eng |
| 010 |
|
|
|a 79042721
|
| 015 |
|
|
|a GB79
|2 bnb
|
| 019 |
1 |
|
|a 1584456
|z 4017044
|z 27530168
|5 LACONCORD2021
|
| 020 |
|
|
|a 0408003405 :
|c £13.50 (est.)
|
| 035 |
|
|
|a (OCoLC)5832066
|5 LACONCORD2021
|
| 040 |
|
|
|a LC
|b eng
|c LC
|d LC
|
| 050 |
0 |
0 |
|a TA347.B69
|b B73 1980
|
| 050 |
1 |
4 |
|a TA347.B69
|b B73
|
| 082 |
0 |
0 |
|a 620/.001/51562
|
| 082 |
0 |
4 |
|a 620/.001/515353
|2 19
|
| 082 |
0 |
4 |
|a 620/.001/515353
|2 18
|
| 084 |
|
|
|a PA 074
|2 blsrissc
|
| 100 |
1 |
|
|a Brebbia, C. A.
|
| 245 |
1 |
0 |
|a Boundary element techniques in engineering /
|c C.A. Brebbia, S. Walker.
|
| 260 |
|
|
|a London ;
|a Boston :
|b Newnes-Butterworths,
|c 1980.
|
| 300 |
|
|
|a 210 p. :
|b ill. ;
|c 22 cm.
|
| 504 |
|
|
|a Includes bibliographical references and index.
|
| 650 |
|
0 |
|a Boundary element methods.
|
| 650 |
|
0 |
|a Engineering mathematics.
|
| 700 |
1 |
|
|a Walker, Stephen
|c M.A.
|
| 852 |
8 |
|
|b CARM
|h A2:AP05A0
|i B06618
|p 0314873
|f BK
|
| 999 |
f |
f |
|i 11bc100c-35f3-58cd-bb78-37ff0e43ede1
|s 6ce1e2fe-95e0-5c0a-bd94-93f14d927801
|
| 952 |
f |
f |
|p Can circulate
|a CAVAL
|b CAVAL
|c CAVAL
|d CARM 1 Store
|e B06618
|f A2:AP05A0
|h Other scheme
|i book
|m 0314873
|